000 01392cad a22002415a 4500
001 L139638
008 070801s2007 xxkd f 000 0 eng d
035 _a(Sirsi) u139638
041 0 _aeng
050 0 4 _a332.6324 $2 18
110 2 _aGVA Grimley
_93646
245 0 0 _aProperty trends survey
_bpart two
_b property and the boardroom
_h[electronic resource]
260 _aLondon
_bGVA Grimley
_c2007
490 0 _aCBI/GVA Grimley Survey of Property Trends
_vSummer 2007
520 _aThis survey of corporate property occupiers working across a range of sectors provides insight into their views on property issues. Reports that two thirds of survey respondents are against legislation to make the "Code for leasing business premises" mandatory, favouring self-regulation instead. Other key findings include: three quarters of businesses fail to hold an annual strategic review of their property holdings; 57% want upwards-only rent review to end; and 71% want continuing liability post assignment to be removed.
590 _aKA
650 2 4 _aCBI/GVA GRIMLEY SURVEY OF PROPERTY TRENDS
651 4 _aUnited Kingdom
_y
690 _aPROPERTY-COMMERCIAL PROPERTY-COMMERCIAL PROPERTY MARKET
710 2 _aConfederation of British Industry
_9414
856 4 0 _uhttps://www.gvagrimley.co.uk/x7648.xml/
_zView this report free of charge under research at www. gvagrimley.co.uk?
942 _n0
999 _c107323
_d107323